000 00712nam a2200229Ia 4500
001 3268
003 GE_BSU
008 181216s||||||||xx |||||||||||||| ||und||
040 _cGE_BSU
080 _a517(076.1)
100 _aБерман,Г.Н
245 _aСборник задач по курсу математического анализа.
245 _bУчебник.
245 _cРед.Л.Араманович.
250 _aИзд. 18-ое,стереотипное.
260 _aМосква
260 _bНаука.
260 _c1975.
300 _a416стр. с илл.
653 _aСборник задач по курсу математического анализа
942 _cBK
999 _c37309
_d37309